Hidden Neighbors of Illinois Quiz Stats

 Plays Quiz Updated Oct 1, 2017

Score 0/5 Timer 01:00
1 Play Today
% Correct
Missouri
92.4%
Indiana
90.6%
Iowa
89.6%
Kentucky
88.4%
Wisconsin
78.1%

You're not logged in!

Compare scores with friends on all Sporcle quizzes.
OR
Log In

Show Comments

Extras

Top Quizzes Today


Score Distribution

Your Account Isn't Verified!

In order to create a playlist on Sporcle, you need to verify the email address you used during registration. Go to your Sporcle Settings to finish the process.

Report this User

Report this user for behavior that violates our Community Guidelines.

Details: